00323nam a2200133Ia 45000030006000000080041000060400015000471000017000622450041000792600034001203000006001545460012001600050017001720STCL150530s9999 xx 000 0 und d aSTCLcSTCL aSharma, p.D. aEnvironmental Biology and Toxicology bRastogi; Meerutc2008aMeerut a0 aEnglish20220125170327.0